书目信息 |
| 题名: |
写作基础知识
|
|
| 作者: | ;河北省中师函授教材选编组 编 | |
| 分册: | ||
| 出版信息: | 1981 |
|
| 页数: | 140页 | |
| 开本: | 19cm | |
| 丛书名: | ||
| 单 册: | ||
| 中图分类: | H052 | |
| 科图分类: | ||
| 主题词: | 写作学 , 修辞学 | |
| 电子资源: | ||
| ISBN: | ||
| 000 | 00656nam0 2200217 45 | |
| 001 | 0303190859 | |
| 005 | 20060815084042.89 | |
| 010 | @dCNY0.35 | |
| 091 | @a9086.19 | |
| 100 | @a20030319d1981 km y0chiy0120 ea | |
| 101 | 0 | @achi |
| 200 | 1 | @a写作基础知识@AXie Zuo Ji Chu Zhi Shi@f河北省中师函授教材选编组编@Fhe bei sheng zhong shi han shou jiao cai xuan bian zu bian |
| 210 | @d1981 | |
| 215 | @a140页@d19cm | |
| 300 | @a河北省中师函授教材 | |
| 606 | 0 | @a写作学 |
| 606 | 0 | @a修辞学 |
| 690 | @aH052@v3 | |
| 711 | 0 | @a河北省中师函授教材选编组@Ahe bei sheng zhong shi han shou jiao cai xuan bian zu@4编 |
| 801 | @aCN@bTSTC@c20060815 | |
| 905 | @dH052@e103 | |
| 写作基础知识/河北省中师函授教材选编组编.-1981 |
| 140页;19cm |
| 河北省中师函授教材 |
| ISBN :CNY0.35 |
| ● |
| 相关链接 |
|
|
|
|
正题名:写作基础知识
索取号:H052/103
 
预约/预借
| 序号 | 登录号 | 条形码 | 馆藏地/架位号 | 状态 | 备注 |
| 1 | 0436447 | 204364473 | 密集书库/ [索取号:H052/103] | 在馆 | |
| 2 | 0462677 | 204626770 | 密集书库/ [索取号:H052/103] | 在馆 |